Effect of duck weed and em bokashi supplementation in to CP concentrate on growing of avian broiler at animal experimental station of rua, ឥទ្ធិពលនៃការបន្ថែមចកបាយទា និងEM KOKASHI ក្នុងចំណីផ្សំស៊ី.ភី ទៅលើការលូតលាស់របស់មាន់សាច់ពូជAVIAN នៅស្ថានីយពិសោធន៍សត្វនៃសាកលវិទ្យាល័យភូមិន្ទកសិកម្ម (Record no. 2552)

000 -LEADER
fixed length control field 00887nam a22001337a 4500
040 ## - CATALOGING SOURCE
Transcribing agency RUA
082 ## - DEWEY DECIMAL CLASSIFICATION NUMBER
Classification number AVM HIN 2011 B099 Or.1
100 ## - MAIN ENTRY--AUTHOR NAME
Personal name HING, MONYRONG.
245 ## - TITLE STATEMENT
Title Effect of duck weed and em bokashi supplementation in to CP concentrate on growing of avian broiler at animal experimental station of rua, ឥទ្ធិពលនៃការបន្ថែមចកបាយទា និងEM KOKASHI ក្នុងចំណីផ្សំស៊ី.ភី ទៅលើការលូតលាស់របស់មាន់សាច់ពូជAVIAN នៅស្ថានីយពិសោធន៍សត្វនៃសាកលវិទ្យាល័យភូមិន្ទកសិកម្ម
260 ## - PUBLICATION, DISTRIBUTION, ETC. (IMPRINT)
Place of publication Phnom Penh
Name of publisher RUA
Year of publication 2011
300 ## - PHYSICAL DESCRIPTION
Number of Pages x; 39p.
Other physical details ill.
Dimensions 29cm.
856 ## - ELECTRONIC LOCATION AND ACCESS
Uniform Resource Identifier https://drive.google.com/file/d/1fNUxqXe_dJkRHqMCOEg7ahhnDbB9Jn3v/view?usp=sharing
942 ## - ADDED ENTRY ELEMENTS (KOHA)
Koha item type AVM
952 ## - LOCATION AND ITEM INFORMATION (KOHA)
Withdrawn status [LOCAL, KOHA] 0
952 ## - LOCATION AND ITEM INFORMATION (KOHA)
Withdrawn status [LOCAL, KOHA] 0
952 ## - LOCATION AND ITEM INFORMATION (KOHA)
Withdrawn status [LOCAL, KOHA] 0
952 ## - LOCATION AND ITEM INFORMATION (KOHA)
Withdrawn status [LOCAL, KOHA] 0
952 ## - LOCATION AND ITEM INFORMATION (KOHA)
Withdrawn status [LOCAL, KOHA] 0
952 ## - LOCATION AND ITEM INFORMATION (KOHA)
Withdrawn status [LOCAL, KOHA] 0
952 ## - LOCATION AND ITEM INFORMATION (KOHA)
Withdrawn status [LOCAL, KOHA] 0
952 ## - LOCATION AND ITEM INFORMATION (KOHA)
Withdrawn status [LOCAL, KOHA] 0
Holdings
Permanent Location Date acquired Koha item type Lost status Shelving location Barcode Current Location Full call number
Library Block B2015-10-24AVM B099RUA015348Library Block BAVM HIN 2011 B099 Or.1
Library Block B2015-10-24AVM B099RUA015849Library Block BAVM HIN 2011 B099 Or.2
Library Block B2015-10-24AVM B099RUA015851Library Block BAVM HIN 2011 B099 Or.3
Library Block B2015-10-24AVM B099RUA015635Library Block BAVM HIN 2011 B099 Or.4
Library Block B2015-10-24AVM B099RUA015417Library Block BAVM HIN 2011 B099 Or.5
Library Block B2015-10-24AVM B099RUA015346Library Block BAVM HIN 2011 B099 Or.6
Library Block B2015-10-24AVM B099RUA019018Library Block BAVM HIN 2011 B099 Or.7
Library Block B2015-10-24AVM B099RUA009895Library Block BAVM HIN 2011 B099 Or.8
មជ្ឈមណ្ឌលឯការនៃសាកលវិទ្យាល័យភូមិន្ទកសិកម្មចំការដូង

Powered by Koha